| 000 | 00715nam a22002297a 4500 | ||
|---|---|---|---|
| 999 |
_c6634 _d6634 |
||
| 003 | AR-CdUCM | ||
| 008 | 190318b ||||| |||| 00| 0 spa d | ||
| 020 | _a84-7017-815-6 | ||
| 040 |
_aMUNICIPALIDAD PROVINCIAL DEL CUSCO _cBIBLIOTECA MUNICIPAL DEL CUSCO |
||
| 041 | _heng | ||
| 082 |
_a030 / _bAR71 / 1987 |
||
| 100 |
_aIcart, Antoine _918659 |
||
| 245 | _aYo sé todo sobre la ciencia / | ||
| 260 |
_aBarcelona : _bArgos Vergara, _c1987. |
||
| 300 |
_a151 páginas ; _bilustraciones a color ; _c28 cm. |
||
| 440 |
_aNueva enciclopedia juvenil. _943962 |
||
| 650 |
_aCiencia _92098 |
||
| 650 |
_aCultura general _96239 |
||
| 700 |
_aBusquets, Esteban (traductor) _918651 |
||
| 942 |
_2ddc _cLIBROS |
||
| 945 | _azta | ||